000 005030000a22001930004500
001 003730
003 MACL
005 20150812132434.0
008 150812b xxu||||| |||| 00| 0 eng d
040 _aMACL
_cMACL
041 _aEnglish
082 _a371/GUG
100 _aGugnani, Hans Raj
_94970
245 _aTowards Total Literacy And Education For all
_cHans Raj Gugnani
260 _aNew Delhi
_c1997
_bCosmo Publications,
350 _a595
650 _aEncyclopedia
_9357
942 _k371
_cBK
_2ddc
999 _c15624
_d15624